00995cam a2200301 a 45000010005000000030006000050050017000110080041000280100017000690200025000860400023001110420014001340500025001480820011001731000022001842450055002062500022002612600038002833000062003215050006003835200183003895210021005725210018005936500022006116500019006336500019006526500022006714021FISKH20240531102340.0111117r20122008ctua b 000 1 eng  a 2011038213 a9781589254343 (pbk.) aDLCcDLCdDLCbeng alcacapcc00aPZ7.H66477bBor 2012002823.921 aHodgkinson, Leigh10aBoris and the wrong shadow /cby Leigh Hodgkinson. aPaperback Edition aWilton, CT :bTiger Tales,c2012. a32 unnumbered pages :bcolor illustrations ;c25 x 28 cm. aM aBoris the cat wakes from a nap to find that he has a shadow the size and shape of a mouse, which does not seem to be a problem until other animals begin to treat him differently.8 a660 bLexile AD8 aM bRaz-Plus 1aShadowsvFiction. 1aCatsvFiction. 1aMicevFiction. 1aHumorous stories.